00994 a2200193 4500003000500000005001700005010001600022020001500038040000900053082001800062100001900080245005400099250001700153260005700170300003200227505046500259650004200724650003400766Nust20221123115106.0 a 99088375 a8129706504 cNust00a621.38121,ZWO1 aZwolinki, Mark10aDigital system design with VHDL /cMark Zwolinki. a2nd Edition  aHarlow, England ;aNew York :bPrentice Hall,c2000. axii,368p. :bill. ;c24 cm. aIntroduction (Page-1), Combinational Logic Design (Page-19), Combinational Logic Using VHDL Gate Models (Page-38), Combinational Building Blocks (Page-53), Synchronous Sequential Design (Page-80), VHDL Models of Sequential Blocks (Page-115), VHDL Simulation (Page-178), VHDL Synthesis (Page-190), Testing Digital Systems (Page-221), Design for Testability (Page-248), Asynchronous Sequential Design (Page-271), Interfacing with the Analogue World (Page-301).  0aDigital electronicsxData processing. 0aTelecommunication Engineering